|
|
|
|
| LEADER |
01531cam a2200313 a 4500 |
| 001 |
00956499 |
| 003 |
GR-PaULI |
| 008 |
081121s2005 gr 000 0 gre|c |
| 020 |
|
|
|a 9601613730
|
| 040 |
|
|
|a GrPaTEI
|b gre
|c GR-PaULI
|
| 041 |
1 |
|
|a gre
|a lat
|h lat
|
| 050 |
|
4 |
|a PA6661.D25
|b P4 2005
|
| 100 |
1 |
|
|a Seneca, Lucius Annaeus,
|d approximately 4 B.C.-65 A.D.
|
| 245 |
1 |
0 |
|a Περί της συντομίας της ζωής =
|b De brevitate vitae /
|c L. A. Seneca ; εισαγωγή, μετάφραση, σχόλια: Νίκος Πετρόχειλος.
|
| 246 |
1 |
1 |
|a De brevitate vitae
|
| 260 |
|
|
|a Αθήνα :
|b Πατάκης,
|c 2005.
|
| 300 |
|
|
|a 118 σ. ;
|c 14 εκ.
|
| 490 |
1 |
|
|a Λατίνοι συγγραφείς
|
| 500 |
|
|
|a Λατινικό κείμενο και νεοελληνική μετάφραση σε αντικριστές σελίδες
|
| 600 |
|
7 |
|a Seneca, Lucius Annaeus,
|d ca. 4 B.C.-65 A.D.
|t De brevitate vitae
|
| 650 |
|
0 |
|a Human behavior in literature
|
| 650 |
|
0 |
|a Life
|
| 650 |
|
0 |
|a Stoics
|
| 700 |
1 |
|
|a Πετρόχειλος, Νικόλαος Κ.,
|e μεταφραστής,
|e συγγραφέας προλόγου.
|
| 830 |
|
0 |
|a Λατίνοι συγγραφείς (Πατάκης)
|
| 942 |
|
|
|2 ddc
|
| 952 |
|
|
|0 0
|1 0
|2 ddc
|4 0
|6 188_000000000000000_SEN
|7 0
|9 250002
|a LISK
|b LISK
|c BSC
|d 2021-01-17
|e 24
|f 1
|g 0.00
|l 0
|o 188 SEN
|p 99241000065928
|r 2021-01-17 00:00:00
|t 1
|w 2021-01-17
|y BK15
|x Purchase/Donation Number
|x General Note
|x GrPaTEI
|
| 971 |
|
|
|a .b10901735
|b 10-04-20
|c 27-08-15
|
| 999 |
|
|
|c 148468
|d 148468
|